000 00584nam a2200169Ia 4500
008 090711s9999 xx 000 0 und d
082 _b56080
100 _aम्हात्रे शैलजा स.
245 _aपोलिस नावाSाा माणूस
260 _c1987
300 _a102
600 _aम्हात्रे शैलजा स.
630 _aपोलिस नावाSाा माणूस
700 _aम्हात्रे शैलजा स.
730 _aपोलिस नावाSाा माणूस
942 _cBOOK
999 _c303142
_d303142